Statistics for All Time UEFA Euro Championship Goal scorers

Click here to take the quiz!

General Stats

  • This quiz has been taken 58 times
  • The average score is 9 of 12

Answer Stats

TeamGoalsAnswer% Correct
Portugal14Cristiano Ronaldo
100%
Belgium6Romelu Lukaku
94%
Sweden6Zlatan Ibrahimović
92%
France7Antoine Griezmann
86%
France6Thierry Henry
86%
England6Wayne Rooney
78%
England7Alan Shearer
73%
Netherlands6Ruud van Nistelrooy
73%
France9Michel Platini
65%
Spain6Álvaro Morata
57%
Netherlands6Patrick Kluivert
49%
Portugal6Nuno Gomes
16%

Score Distribution

Percentile by Number Answered

Percent of People with Each Score

Your Score History

You have not taken this quiz